country Landmarks - Statistics

General Stats
  • This quiz has been taken 25 times
  • The average score is 33 of 39
Answer Stats
clue country % Correct
Sydney opera house, great barrier reef, Great ocean road Australia
100%
Great wall, terracotta army, forbidden city china
100%
Helsinki Cathedral, Santa Claus Village Finland
100%
Eiffel Tower, Notre Dame, Louvre France
100%
Berlin wall, Brandenburg Gate Germany
100%
Parthenon, Acropolic of Athens, Syntagma Square Greece
100%
Colosseum, Florence Cathedral, Piazza san Marco Italy
100%
Mount Fuji, itsukushima shrine japan
100%
Krakow salt mine, Auschwitz, wawel castle Poland
100%
Red Square, Kremlin, Winter Palaces Russia
100%
sagrada Familia, Ibiza Spain
100%
Vasa, Stockholm Palace, Gamla Stan Sweden
100%
Big Ben, Nelson's Column, Buckingham palace Uk
100%
great Pyramids of Giza, King tuts tomb, Valley of the Kings Egypt
96%
Anne frank Museum, Van Gogh Museum,rijksmuseum, Keukenhof Netherlands
96%
Bukovel, Kiev Pechersk Lavra, saint sophia's cathedral Ukraine
96%
Charles Bridge, St Vitus cathedral, Prague Castle Czech republic
92%
Ring of Kerry, Guinness Storehouse, Dingle Peninsula Ireland
92%
Lofoten, North Cape, preikestolen Norway
92%
Pena Palace, Belem tower Portugal
92%
Kalemegdan Park, Church of St Sava, Belgrade Fortress Serbia
92%
titlis, Jungfrau, Rhine Falls Switzerland
92%
Blue Lagoon, golden circle, gullfoss Iceland
88%
Devin Castle, Bratislava castle Slovakia
88%
Nyhavn, Tivoli Gardens, amalienborg castle Denmark
84%
sea of Galilee, , Ein Gedi, Masada, Mount Zion Israel
84%
Kravice, Stari Most, Bjelasnica Bosnia-Herzegovina
80%
Hvar, Brac, Korcula, Plitvice Lakes National Park Croatia
80%
Hosok tere, Buda Castle, fishermans Bastion Hungary
80%
belfry tower, grand palace, Basilica of the holy blood Belgium
76%
Salina Turda, Bran Castle, peles Castle Romania
72%
Mir Castle complex, lake Narach, Nesvizh castle Belarus
68%
Borovets, Vitosha, Rila Monastery, Sunny Beach Bulgaria
64%
dajti, Blue Eye, Rozafa, Llogara national Park Albania
60%
Matka Canyon , Monastery of st Naum, Lake Matka Macedonia
44%
Saharna Monastery, Orheiukl vechi Settlement Moldova
44%
Our Lady of the Rocks, Ostrog Monastery, Lovcen Montenegro
44%
Lake Sevan, Geghard, Khor Virap, tatev Monastery Armenia
40%
Maiden Tower, Gobustan National Park, Palace of the Shirvanshah Azerbaijan
32%
No matching quizzes found
Score Distribution
Percent of People with Each Score
Percentile by Number Answered
Your Score History
You have not taken this quiz